00476nam a2200157 i 4500001000300000100001300003245005300016260002100069040000800090041000800098942000700106008004100113999001700154856009800171952004900269bg1 aKANT, I. 0aUzasadnienie metafizyki moralnosˁci /cI. Kant. aWarszawa,c1984. cBPK apol cKS s pl f |000 0 pol  c22499d22499 uhttp://koha.tu.koszalin.pl/cgi-bin/koha/opac-detail.pl?biblionumber=22499yKatalog online BPK 00104070aBPKbBPKcwo31589p01443691yKS